000 00792nam a22002177a 4500
005 20141030115906.0
010 _aENG-109921
020 _a9789350941805
_c215.00
035 _aEN-93454
035 _aB-535509-544
037 _bDBAD/PUB
037 _bUBH/Ven
_adpl
082 _a510
100 _aSingh, R.P.
245 0 0 _aHandbook key notes terms definitions formulae Mathematics :
_cby R.P. Singh
_bhighly important for class XI and XII students, engineering entrances and other competition aspirants /
260 _aMeerut
_bArihant Prakashan
_c(201?)
270 _aKalindi, TP Nagar
_bMeerut
_e250002
300 _a450p.
_c22cm(pbk)
942 _2ddc
_cEN
_mSIN
_h510
999 _c84007
_d84007